| 000 | 00374nam a2200157Ia 4500 | ||
|---|---|---|---|
| 005 | 20250411015219.0 | ||
| 008 | 240331s9999 xx 000 0 und d | ||
| 020 | _a9552003555 | ||
| 082 |
_bSIR _a891 |
||
| 100 | _aSiriwardena,D | ||
| 245 | 0 | _aAyoma - III | |
| 260 |
_aColombo _bGodage & Sons _c1990 |
||
| 300 | _a134 p ., ( 3 part) | ||
| 650 | _aSinhala Novel | ||
| 942 | _cL | ||
| 999 |
_c5452 _d5452 |
||